| 000 | 00572nam a2200169 a 4500 | ||
|---|---|---|---|
| 001 | 4270 | ||
| 003 | CDMR | ||
| 005 | 20131011165749.0 | ||
| 008 | 130130s1989||||||||||||||||||||||||||||d | ||
| 040 |
_aCDMR _bcat _cCDMR |
||
| 245 | 0 |
_aCrónicas fundacionales de la FAPE _b: 75 años de la Asociación de la Prensa de Cantabria (1914-1989) |
|
| 260 |
_aSantander _c1989 _bAsociación de la Prensa de Cantabria |
||
| 300 | _a109 p. | ||
| 610 | 2 |
_9949 _aFederación de Asociaciones de la Prensa de España |
|
| 710 | 2 |
_94040 _aAsociación de la Prensa de Cantabria |
|
| 942 |
_cMON _2udc |
||
| 999 |
_c4270 _d4270 |
||